3D принтеры в металлургии. Подготовка модели; Прогрессивные технологии и экономика в машиностроении

Chi tiết về thư mục
Parent link:Прогрессивные технологии и экономика в машиностроении.— 2014.— [С. 34-35]
Tác giả chính: Липчанский Д. С.
Tác giả của công ty: Национальный исследовательский Томский политехнический университет (ТПУ) Юргинский технологический институт (филиал) (ЮТИ) Кафедра металлургии и черных металлов (МЧМ)
Tác giả khác: Ибрагимов Е. А. Егор Артурович (научный руководитель)
Tóm tắt:Заглавие с экрана
Ngôn ngữ:Tiếng Nga
Được phát hành: 2014
Loạt:Современное металлургическое производствои контроль качества
Những chủ đề:
Truy cập trực tuyến:http://earchive.tpu.ru/handle/11683/73460
Định dạng: MixedMaterials Điện tử Chương của sách
KOHA link:https://koha.lib.tpu.ru/cgi-bin/koha/opac-detail.pl?biblionumber=614651

MARC

LEADER 00000naa2a2200000 4500
001 614651
005 20231214150402.0
035 |a (RuTPU)RU\TPU\conf\12821 
035 |a RU\TPU\conf\12820 
090 |a 614651 
100 |a 20151009d2014 k y0rusy50 ca 
101 0 |a rus 
102 |a RU 
105 |a y z 100zy 
135 |a drgn ---uucaa 
181 0 |a i  
182 0 |a b 
200 1 |a 3D принтеры в металлургии. Подготовка модели  |f Д. С. Липчанский  |g науч. рук. Е. А. Ибрагимов 
203 |a Текст  |c электронный 
215 |a 1 файл(253 Кб) 
225 1 |a Современное металлургическое производствои контроль качества 
300 |a Заглавие с экрана 
337 |a Adobe Reader 
463 1 |0 (RuTPU)RU\TPU\conf\11902  |t Прогрессивные технологии и экономика в машиностроении  |o сборник трудов V Всероссийской научно-практической конференции для студентов и учащейся молодежи, 3-5 апреля 2014 г. Юрга  |f Национальный исследовательский Томский политехнический университет (ТПУ), Юргинский технологический институт (ЮТИ) ; отв. ред. Д. А. Чинахов  |v [С. 34-35]  |d 2014 
610 1 |a электронный ресурс 
610 1 |a труды учёных ТПУ 
610 1 |a 3D-принтеры 
610 1 |a металлургия 
610 1 |a модели 
610 1 |a 3D-модели 
610 1 |a 3D-печать 
610 1 |a подготовка 
700 1 |a Липчанский  |b Д. С. 
702 1 |a Ибрагимов  |b Е. А.  |c специалист в области машиностроения  |c старший преподаватель Юргинского технологического института (филиала) Томского политехнического университета, кандидат технических наук  |f 1983-  |g Егор Артурович  |4 727 
712 0 2 |a Национальный исследовательский Томский политехнический университет (ТПУ)  |b Юргинский технологический институт (филиал) (ЮТИ)  |b Кафедра металлургии и черных металлов (МЧМ)  |3 (RuTPU)RU\TPU\col\18892 
801 1 |a RU  |b 63413507  |c 20101016 
801 2 |a RU  |b 63413507  |c 20221102  |g RCR 
856 4 |u http://earchive.tpu.ru/handle/11683/73460 
942 |c BK